=LDR 00000nam 2200000 4500 =001 INLIS000000000026075 =005 20130612124535 =008 ***********************************Ind** =035 ##$$0010-061300000026075 =041 ##$$a Ind =082 ##$$a 812 =090 ##$$a 812, Wij d =100 ##$$a Wijaya, Putu =245 ##$$a Dor, Putu Wijaya =260 ##$$a 1993 $b Jakarta =300 ##$$a 70 hlm, 21 cm =650 ##$$a Drama =850 ##$$a NBPNMAT